[Event "DEM U12 2025"]
[Site "Willingen GER"]
[Date "2025.06.12"]
[Round "7"]
[White "Al Luwaisi, Omer"]
[Black "Meitzner, Jonathan Franz"]
[Result "0-1"]
[Termination "normal"]
[Board "15"]
[WhiteElo "1683"]
[BlackElo "1766"]
[WhiteClock "00:12:47"]
[BlackClock "00:35:55"]
[PlyCount "136"]
[WhiteFideId "34645888"]
[BlackFideId "34616110"]
[EventCountry "GER"]
[EventRounds "9"]
[EventType "swiss"]
[EventDate "2025.06.07"]

1. e4 {[%clk 01:30:58]} {[%emt 00:00:02]} c5 {[%clk 01:30:53]} {[%emt
00:00:08]} 2. Nf3 {[%clk 01:31:23]} {[%emt 00:00:05]} e6 {[%clk 01:30:08]}
{[%emt 00:01:15]} 3. Be2 {[%clk 01:31:30]} {[%emt 00:00:22]} Nc6 {[%clk
01:30:12]} {[%emt 00:00:27]} 4. O-O {[%clk 01:31:45]} {[%emt 00:00:14]} Qc7
{[%clk 01:30:14]} {[%emt 00:00:29]} 5. Nc3 {[%clk 01:26:08]} {[%emt 00:06:07]}
a6 {[%clk 01:29:52]} {[%emt 00:00:52]} 6. d4 {[%clk 01:19:47]} {[%emt
00:06:51]} cxd4 {[%clk 01:30:16]} {[%emt 00:00:06]} 7. Nxd4 {[%clk 01:20:12]}
{[%emt 00:00:04]} Nf6 {[%clk 01:30:20]} {[%emt 00:00:26]} 8. Be3 {[%clk
01:19:38]} {[%emt 00:01:03]} Be7 {[%clk 01:30:42]} {[%emt 00:00:09]} 9. Kh1
{[%clk 01:18:05]} {[%emt 00:02:03]} O-O {[%clk 01:30:52]} {[%emt 00:00:20]} 10.
f4 {[%clk 01:18:20]} {[%emt 00:00:16]} d6 {[%clk 01:31:13]} {[%emt 00:00:09]}
11. Qe1 {[%clk 01:18:33]} {[%emt 00:00:17]} Rb8 {[%clk 01:29:51]} {[%emt
00:01:53]} 12. a4 {[%clk 01:18:16]} {[%emt 00:00:47]} Bd7 {[%clk 01:26:14]}
{[%emt 00:04:08]} 13. Qg3 {[%clk 01:11:44]} {[%emt 00:07:01]} Rfe8 {[%clk
01:23:58]} {[%emt 00:02:46]} 14. f5 {[%clk 01:07:29]} {[%emt 00:04:45]} Nxd4
{[%clk 01:19:30]} {[%emt 00:04:59]} 15. Bxd4 {[%clk 01:02:46]} {[%emt
00:05:12]} e5 {[%clk 01:19:24]} {[%emt 00:00:42]} 16. Be3 {[%clk 01:02:37]}
{[%emt 00:00:31]} Kh8 {[%clk 01:19:41]} {[%emt 00:00:13]} 17. Rad1 {[%clk
00:45:35]} {[%emt 00:17:34]} b5 {[%clk 01:14:24]} {[%emt 00:05:48]} 18. axb5
{[%clk 00:39:27]} {[%emt 00:06:38]} axb5 {[%clk 01:14:08]} {[%emt 00:00:47]}
19. Bd3 {[%clk 00:36:57]} {[%emt 00:03:00]} b4 {[%clk 01:12:32]} {[%emt
00:02:06]} 20. Nd5 {[%clk 00:34:37]} {[%emt 00:02:50]} Nxd5 {[%clk 01:12:34]}
{[%emt 00:00:29]} 21. exd5 {[%clk 00:34:09]} {[%emt 00:00:58]} Bf6 {[%clk
01:10:44]} {[%emt 00:02:17]} 22. Be4 {[%clk 00:33:52]} {[%emt 00:00:49]} Bb5
{[%clk 01:10:26]} {[%emt 00:00:48]} 23. Rfe1 {[%clk 00:30:20]} {[%emt
00:04:02]} Qe7 {[%clk 01:09:02]} {[%emt 00:01:51]} 24. Qh3 {[%clk 00:28:56]}
{[%emt 00:01:56]} Qd8 {[%clk 01:05:24]} {[%emt 00:04:08]} 25. g4 {[%clk
00:22:40]} {[%emt 00:06:48]} h6 {[%clk 00:56:56]} {[%emt 00:08:57]} 26. Bxh6
{[%clk 00:08:20]} {[%emt 00:14:49]} gxh6 {[%clk 00:53:19]} {[%emt 00:04:08]}
27. Qxh6+ {[%clk 00:08:44]} {[%emt 00:00:05]} Kg8 {[%clk 00:53:41]} {[%emt
00:00:08]} 28. g5 {[%clk 00:09:01]} {[%emt 00:00:13]} Bg7 {[%clk 00:39:11]}
{[%emt 00:14:59]} 29. Qh5 {[%clk 00:08:55]} {[%emt 00:00:36]} f6 {[%clk
00:38:58]} {[%emt 00:00:42]} 30. gxf6 {[%clk 00:08:48]} {[%emt 00:00:38]} Qxf6
{[%clk 00:37:23]} {[%emt 00:02:05]} 31. Rg1 {[%clk 00:09:03]} {[%emt 00:00:15]}
Re7 {[%clk 00:32:13]} {[%emt 00:05:39]} 32. Rg6 {[%clk 00:08:57]} {[%emt
00:00:36]} Be8 {[%clk 00:32:37]} {[%emt 00:00:07]} 33. Rdg1 {[%clk 00:04:15]}
{[%emt 00:05:13]} Bxg6 {[%clk 00:20:42]} {[%emt 00:12:24]} 34. Rxg6 {[%emt
00:00:25]} Qf8 {[%clk 00:20:10]} {[%emt 00:00:59]} 35. f6 {[%clk 00:01:14]}
{[%emt 00:03:39]} Rf7 {[%clk 00:20:33]} {[%emt 00:00:07]} 36. fxg7 {[%clk
00:00:50]} {[%emt 00:00:51]} Rxg7 {[%clk 00:19:57]} {[%emt 00:01:16]} 37. Rxg7+
{[%clk 00:00:46]} {[%emt 00:00:26]} Qxg7 {[%clk 00:20:07]} {[%emt 00:00:21]}
38. Bf5 {[%clk 00:00:46]} {[%emt 00:00:29]} Kf8 {[%clk 00:19:04]} {[%emt
00:01:34]} 39. Be6 {[%clk 00:00:49]} {[%emt 00:00:26]} Qf6 {[%clk 00:17:13]}
{[%emt 00:02:17]} 40. Qf5 {[%clk 00:00:33]} {[%emt 00:00:49]} Qxf5 {[%clk
00:17:34]} {[%emt 00:00:10]} 41. Bxf5 {[%clk 00:00:59]} {[%emt 00:00:05]} Rb5
{[%clk 00:16:45]} {[%emt 00:01:20]} 42. Be4 {[%clk 00:00:42]} {[%emt 00:00:46]}
Rc5 {[%clk 00:16:58]} {[%emt 00:00:17]} 43. b3 {[%clk 00:00:58]} {[%emt
00:00:12]} Kg7 {[%clk 00:17:04]} {[%emt 00:00:27]} 44. Kg2 {[%clk 00:01:21]}
{[%emt 00:00:07]} Rc3 {[%clk 00:17:27]} {[%emt 00:00:06]} 45. Bd3 {[%clk
00:01:26]} {[%emt 00:00:26]} Kf6 {[%clk 00:17:41]} {[%emt 00:00:17]} 46. Kf3
{[%clk 00:01:38]} {[%emt 00:00:13]} Kg5 {[%clk 00:16:21]} {[%emt 00:01:51]} 47.
Ke4 {[%clk 00:28:22]} {[%emt 00:03:49]} Kg4 {[%clk 00:39:29]} {[%emt 00:07:21]}
48. Ke3 {[%clk 00:20:59]} {[%emt 00:07:49]} Kh3 {[%clk 00:37:22]} {[%emt
00:02:39]} 49. Kf3 {[%clk 00:20:57]} {[%emt 00:00:35]} Kxh2 {[%clk 00:36:45]}
{[%emt 00:01:07]} 50. Kf2 {[%clk 00:21:19]} {[%emt 00:00:07]} Kh3 {[%clk
00:37:07]} {[%emt 00:00:09]} 51. Kf3 {[%clk 00:21:44]} {[%emt 00:00:03]} Kh4
{[%clk 00:37:31]} {[%emt 00:00:06]} 52. Kf2 {[%clk 00:13:52]} {[%emt 00:08:23]}
Kg4 {[%clk 00:36:02]} {[%emt 00:01:57]} 53. Ke3 {[%clk 00:13:53]} {[%emt
00:00:30]} Kg3 {[%clk 00:34:30]} {[%emt 00:02:00]} 54. Ke4 {[%clk 00:11:55]}
{[%emt 00:02:31]} Kf2 {[%clk 00:31:51]} {[%emt 00:03:09]} 55. Kf5 {[%clk
00:12:17]} {[%emt 00:00:07]} Kf3 {[%clk 00:31:49]} {[%emt 00:00:32]} 56. Be4+
{[%clk 00:12:00]} {[%emt 00:00:48]} Ke3 {[%clk 00:32:07]} {[%emt 00:00:11]} 57.
Bh1 {[%clk 00:11:58]} {[%emt 00:00:30]} Rxc2 {[%clk 00:31:42]} {[%emt
00:00:58]} 58. Ke6 {[%clk 00:12:14]} {[%emt 00:00:13]} Kf4 {[%clk 00:31:59]}
{[%emt 00:00:13]} 59. Kxd6 {[%clk 00:12:40]} {[%emt 00:00:04]} e4 {[%clk
00:32:24]} {[%emt 00:00:06]} 60. Bxe4 {[%clk 00:12:52]} {[%emt 00:00:19]} Kxe4
{[%clk 00:32:49]} {[%emt 00:00:06]} 61. Ke6 {[%clk 00:13:07]} {[%emt 00:00:14]}
Rd2 {[%clk 00:33:04]} {[%emt 00:00:15]} 62. d6 {[%clk 00:11:18]} {[%emt
00:02:22]} Kd4 {[%clk 00:33:25]} {[%emt 00:00:05]} 63. d7 {[%clk 00:11:41]}
{[%emt 00:00:08]} Kc3 {[%clk 00:33:51]} {[%emt 00:00:04]} 64. Ke7 {[%clk
00:11:47]} {[%emt 00:00:24]} Rxd7+ {[%clk 00:34:16]} {[%emt 00:00:06]} 65. Kxd7
{[%clk 00:11:43]} {[%emt 00:00:33]} Kxb3 {[%clk 00:34:39]} {[%emt 00:00:07]}
66. Kc6 {[%clk 00:12:00]} {[%emt 00:00:12]} Kc3 {[%clk 00:35:06]} {[%emt
00:00:04]} 67. Kb5 {[%clk 00:12:25]} {[%emt 00:00:05]} b3 {[%clk 00:35:31]}
{[%emt 00:00:05]} 68. Ka4 {[%clk 00:12:47]} {[%emt 00:00:09]} b2 {[%clk
00:35:55]} 0-1

[Event "DEM U12 2025"]
[Site "Willingen GER"]
[Date "2025.06.12"]
[Round "7"]
[White "Beier, Martin"]
[Black "Serwane, Ruben"]
[Result "0-1"]
[Termination "normal"]
[Board "16"]
[WhiteElo "1781"]
[BlackElo "1854"]
[WhiteClock "00:57:56"]
[BlackClock "00:40:30"]
[PlyCount "100"]
[WhiteFideId "34631879"]
[BlackFideId "34660232"]
[EventCountry "GER"]
[EventRounds "9"]
[EventType "swiss"]
[EventDate "2025.06.07"]

1. e4 {[%clk 01:30:59]} {[%emt 00:00:02]} c5 {[%clk 01:30:45]} {[%emt
00:00:17]} 2. Nf3 {[%clk 01:31:20]} {[%emt 00:00:07]} d6 {[%clk 01:30:51]}
{[%emt 00:00:24]} 3. d4 {[%clk 01:31:37]} {[%emt 00:00:13]} cxd4 {[%clk
01:30:53]} {[%emt 00:00:27]} 4. Qxd4 {[%clk 01:32:00]} {[%emt 00:00:08]} Nc6
{[%clk 01:31:00]} {[%emt 00:00:23]} 5. Bb5 {[%clk 01:32:20]} {[%emt 00:00:09]}
Bd7 {[%clk 01:31:00]} {[%emt 00:00:31]} 6. Bxc6 {[%clk 01:32:44]} {[%emt
00:00:06]} Bxc6 {[%clk 01:31:05]} {[%emt 00:00:24]} 7. Nc3 {[%clk 01:33:08]}
{[%emt 00:00:07]} Nf6 {[%clk 01:31:01]} {[%emt 00:00:33]} 8. Bg5 {[%clk
01:33:24]} {[%emt 00:00:14]} e5 {[%clk 01:25:56]} {[%emt 00:05:36]} 9. Qd3
{[%clk 01:32:47]} {[%emt 00:01:06]} h6 {[%clk 01:23:17]} {[%emt 00:03:09]} 10.
Bxf6 {[%clk 01:27:30]} {[%emt 00:05:47]} Qxf6 {[%clk 01:21:11]} {[%emt
00:02:37]} 11. Nd5 {[%clk 01:27:33]} {[%emt 00:00:28]} Qd8 {[%clk 01:19:56]}
{[%emt 00:01:44]} 12. Nd2 {[%clk 01:23:24]} {[%emt 00:04:39]} Bxd5 {[%clk
01:18:15]} {[%emt 00:02:11]} 13. Qxd5 {[%clk 01:23:23]} {[%emt 00:00:31]} Qc7
{[%clk 01:16:29]} {[%emt 00:02:16]} 14. O-O {[%clk 01:21:12]} {[%emt 00:02:40]}
Qc6 {[%clk 01:15:05]} {[%emt 00:01:55]} 15. c4 {[%clk 01:18:18]} {[%emt
00:03:25]} Qxd5 {[%clk 01:08:27]} {[%emt 00:07:09]} 16. cxd5 {[%clk 01:18:43]}
{[%emt 00:00:05]} Be7 {[%clk 01:06:30]} {[%emt 00:02:27]} 17. Rac1 {[%clk
01:18:50]} {[%emt 00:00:21]} Bg5 {[%clk 01:02:54]} {[%emt 00:04:06]} 18. Rc2
{[%clk 01:15:56]} {[%emt 00:03:25]} Bxd2 {[%clk 01:01:38]} {[%emt 00:01:46]}
19. Rxd2 {[%clk 01:16:13]} {[%emt 00:00:13]} Rc8 {[%clk 00:59:51]} {[%emt
00:02:17]} 20. Rdd1 {[%clk 01:15:01]} {[%emt 00:01:37]} Kd7 {[%clk 00:54:16]}
{[%emt 00:06:09]} 21. Rc1 {[%clk 01:14:53]} {[%emt 00:00:39]} a5 {[%clk
00:52:45]} {[%emt 00:02:02]} 22. Rfd1 {[%clk 01:13:45]} {[%emt 00:01:37]} b5
{[%clk 00:50:16]} {[%emt 00:02:58]} 23. Kf1 {[%clk 01:11:56]} {[%emt 00:02:20]}
Rxc1 {[%clk 00:43:39]} {[%emt 00:07:07]} 24. Rxc1 {[%clk 01:12:17]} {[%emt
00:00:09]} Rc8 {[%clk 00:42:23]} {[%emt 00:01:46]} 25. Rxc8 {[%clk 01:12:40]}
{[%emt 00:00:07]} Kxc8 {[%clk 00:42:39]} {[%emt 00:00:14]} 26. a3 {[%clk
01:11:58]} {[%emt 00:01:12]} Kc7 {[%clk 00:41:33]} {[%emt 00:01:35]} 27. b4
{[%clk 01:11:57]} {[%emt 00:00:32]} axb4 {[%clk 00:41:09]} {[%emt 00:00:54]}
28. axb4 {[%clk 01:12:19]} {[%emt 00:00:08]} g6 {[%clk 00:40:52]} {[%emt
00:00:47]} 29. Ke2 {[%clk 01:12:43]} {[%emt 00:00:06]} Kd7 {[%clk 00:40:42]}
{[%emt 00:00:42]} 30. Kf3 {[%clk 01:12:51]} {[%emt 00:00:20]} Ke7 {[%clk
00:39:52]} {[%emt 00:01:21]} 31. Kg4 {[%clk 01:11:58]} {[%emt 00:01:23]} f6
{[%clk 00:39:27]} {[%emt 00:00:55]} 32. h4 {[%clk 01:08:42]} {[%emt 00:03:47]}
h5+ {[%clk 00:39:44]} {[%emt 00:00:14]} 33. Kg3 {[%clk 01:00:42]} {[%emt
00:08:29]} f5 {[%clk 00:39:15]} {[%emt 00:00:59]} 34. f4 {[%clk 00:58:41]}
{[%emt 00:02:31]} fxe4 {[%clk 00:38:29]} {[%emt 00:01:15]} 35. fxe5 {[%clk
00:56:55]} {[%emt 00:02:17]} dxe5 {[%clk 00:38:16]} {[%emt 00:00:42]} 36. Kf2
{[%clk 00:56:56]} {[%emt 00:00:29]} Kd6 {[%clk 00:38:31]} {[%emt 00:00:16]} 37.
Ke3 {[%clk 00:57:19]} {[%emt 00:00:06]} Kxd5 {[%clk 00:38:34]} {[%emt
00:00:27]} 38. g3 {[%clk 00:57:42]} {[%emt 00:00:07]} Kc4 {[%clk 00:38:17]}
{[%emt 00:00:48]} 39. Kxe4 {[%clk 00:58:04]} {[%emt 00:00:08]} Kxb4 {[%clk
00:38:34]} {[%emt 00:00:12]} 40. Kxe5 {[%clk 00:58:26]} {[%emt 00:00:08]} Ka3
{[%clk 00:38:49]} {[%emt 00:00:15]} 41. Kf6 {[%clk 00:58:22]} {[%emt 00:00:34]}
b4 {[%clk 00:39:02]} {[%emt 00:00:18]} 42. Kxg6 {[%clk 00:58:41]} {[%emt
00:00:10]} b3 {[%clk 00:39:23]} {[%emt 00:00:09]} 43. Kxh5 {[%clk 00:59:06]}
{[%emt 00:00:05]} b2 {[%clk 00:39:48]} {[%emt 00:00:05]} 44. g4 {[%clk
00:58:40]} {[%emt 00:00:56]} b1=Q {[%clk 00:40:01]} {[%emt 00:00:16]} 45. Kg5
{[%clk 00:58:17]} {[%emt 00:00:55]} Qh7 {[%clk 00:39:30]} {[%emt 00:01:01]} 46.
h5 {[%clk 00:58:25]} {[%emt 00:00:22]} Qg7+ {[%clk 00:39:31]} {[%emt 00:00:29]}
47. Kf5 {[%clk 00:58:30]} {[%emt 00:00:24]} Kb4 {[%clk 00:39:40]} {[%emt
00:00:22]} 48. g5 {[%clk 00:58:38]} {[%emt 00:00:21]} Qf7+ {[%clk 00:39:51]}
{[%emt 00:00:20]} 49. Kg4 {[%clk 00:58:32]} {[%emt 00:00:34]} Kc5 {[%clk
00:40:08]} {[%emt 00:00:15]} 50. g6 {[%clk 00:57:56]} {[%emt 00:01:05]} Qf6
{[%clk 00:40:30]} {[%emt 00:00:08]} 0-1

[Event "DEM U12 2025"]
[Site "Willingen GER"]
[Date "2025.06.12"]
[Round "7"]
[White "Krishnan, Vihaan"]
[Black "Nain, Medhansh"]
[Result "1/2-1/2"]
[Termination "normal"]
[Board "17"]
[WhiteElo "1731"]
[BlackElo "1732"]
[WhiteClock "00:21:50"]
[BlackClock "00:34:55"]
[PlyCount "41"]
[WhiteFideId "34633910"]
[BlackFideId "34684875"]
[EventCountry "GER"]
[EventRounds "9"]
[EventType "swiss"]
[EventDate "2025.06.07"]

1. e4 {[%clk 01:30:57]} {[%emt 00:00:02]} e5 {[%clk 01:30:52]} {[%emt
00:00:08]} 2. Nf3 {[%clk 01:31:21]} {[%emt 00:00:06]} Nc6 {[%clk 01:31:16]}
{[%emt 00:00:06]} 3. Bc4 {[%clk 01:31:48]} {[%emt 00:00:04]} Bc5 {[%clk
01:31:31]} {[%emt 00:00:14]} 4. c3 {[%clk 01:31:52]} {[%emt 00:00:27]} Nf6
{[%clk 01:31:54]} {[%emt 00:00:07]} 5. d3 {[%clk 01:32:18]} {[%emt 00:00:04]}
a6 {[%clk 01:32:16]} {[%emt 00:00:08]} 6. Bb3 {[%clk 01:32:13]} {[%emt
00:00:35]} O-O {[%clk 01:32:12]} {[%emt 00:00:33]} 7. Nbd2 {[%clk 01:32:10]}
{[%emt 00:00:34]} h6 {[%clk 01:32:24]} {[%emt 00:00:18]} 8. O-O {[%clk
01:32:12]} {[%emt 00:00:28]} d6 {[%clk 01:32:22]} {[%emt 00:00:32]} 9. h3
{[%clk 01:31:54]} {[%emt 00:00:49]} Be6 {[%clk 01:32:23]} {[%emt 00:00:27]} 10.
Bc2 {[%clk 01:28:57]} {[%emt 00:03:28]} Qd7 {[%clk 01:26:50]} {[%emt 00:06:02]}
11. Re1 {[%clk 01:24:31]} {[%emt 00:04:57]} Rad8 {[%clk 01:23:05]} {[%emt
00:04:14]} 12. Nf1 {[%clk 01:20:11]} {[%emt 00:04:49]} Rfe8 {[%clk 01:21:36]}
{[%emt 00:02:00]} 13. d4 {[%clk 01:10:20]} {[%emt 00:10:23]} exd4 {[%clk
01:22:00]} {[%emt 00:00:04]} 14. cxd4 {[%clk 01:10:28]} {[%emt 00:00:22]} Bb4
{[%clk 01:22:21]} {[%emt 00:00:09]} 15. Bd2 {[%clk 01:06:53]} {[%emt 00:04:04]}
Bxd2 {[%clk 01:15:33]} {[%emt 00:07:18]} 16. Qxd2 {[%clk 01:06:03]} {[%emt
00:01:20]} d5 {[%clk 01:07:57]} {[%emt 00:08:07]} 17. e5 {[%clk 00:59:02]}
{[%emt 00:07:30]} Ne4 {[%clk 01:01:02]} {[%emt 00:07:26]} 18. Qe3 {[%clk
00:26:20]} {[%emt 00:33:11]} Bf5 {[%clk 00:50:47]} {[%emt 00:10:46]} 19. a3
{[%clk 00:23:19]} {[%emt 00:03:31]} Bh7 {[%clk 00:49:12]} {[%emt 00:02:05]} 20.
b4 {[%clk 00:21:50]} {[%emt 00:01:59]} Kh8 {[%clk 00:34:55]} {[%emt 00:14:47]}
21. Rad1 {[%emt 00:07:20]} 1/2-1/2

[Event "DEM U12 2025"]
[Site "Willingen GER"]
[Date "2025.06.12"]
[Round "7"]
[White "Obermair, Hannes"]
[Black "Moskalenko, Michael"]
[Result "1/2-1/2"]
[Termination "normal"]
[Board "18"]
[WhiteElo "1663"]
[BlackElo "1720"]
[WhiteClock "00:16:02"]
[BlackClock "00:02:20"]
[PlyCount "100"]
[WhiteFideId "34640509"]
[BlackFideId "34608877"]
[EventCountry "GER"]
[EventRounds "9"]
[EventType "swiss"]
[EventDate "2025.06.07"]

1. c4 {[%clk 01:30:58]} {[%emt 00:00:02]} Nf6 {[%clk 01:30:38]} {[%emt
00:00:23]} 2. d4 {[%clk 01:31:23]} {[%emt 00:00:05]} g6 {[%clk 01:30:58]}
{[%emt 00:00:09]} 3. Nc3 {[%clk 01:31:49]} {[%emt 00:00:05]} d5 {[%clk
01:31:23]} {[%emt 00:00:05]} 4. Bf4 {[%clk 01:31:40]} {[%emt 00:00:38]} Bg7
{[%clk 01:31:17]} {[%emt 00:00:36]} 5. Nf3 {[%clk 01:31:39]} {[%emt 00:00:31]}
O-O {[%clk 01:31:23]} {[%emt 00:00:24]} 6. e3 {[%clk 01:31:34]} {[%emt
00:00:35]} c5 {[%clk 01:30:58]} {[%emt 00:00:55]} 7. dxc5 {[%clk 01:31:31]}
{[%emt 00:00:33]} Qa5 {[%clk 01:19:30]} {[%emt 00:11:58]} 8. Rc1 {[%emt
00:23:21]} Rd8 {[%clk 00:59:53]} 9. Qb3 {[%clk 01:05:53]} {[%emt 00:23:23]} Na6
{[%clk 00:45:55]} {[%emt 00:14:30]} 10. Be2 {[%clk 00:52:00]} {[%emt 00:14:19]}
Nxc5 {[%clk 00:33:29]} {[%emt 00:12:59]} 11. Qb5 {[%clk 00:43:11]} {[%emt
00:09:15]} Qxb5 {[%clk 00:32:30]} {[%emt 00:01:33]} 12. Nxb5 {[%clk 00:42:38]}
{[%emt 00:01:04]} Ne6 {[%clk 00:27:35]} {[%emt 00:05:25]} 13. Be5 {[%clk
00:40:15]} {[%emt 00:02:52]} a6 {[%clk 00:23:55]} {[%emt 00:04:11]} 14. Nbd4
{[%clk 00:38:55]} {[%emt 00:01:49]} dxc4 {[%clk 00:22:42]} {[%emt 00:01:43]}
15. Bxc4 {[%clk 00:37:41]} {[%emt 00:01:43]} Nxd4 {[%clk 00:21:17]} {[%emt
00:01:55]} 16. Nxd4 {[%clk 00:36:39]} {[%emt 00:01:32]} Ne4 {[%clk 00:19:54]}
{[%emt 00:01:54]} 17. Bxg7 {[%clk 00:33:50]} {[%emt 00:03:18]} Kxg7 {[%clk
00:19:21]} {[%emt 00:01:02]} 18. O-O {[%clk 00:29:17]} {[%emt 00:05:04]} Nd2
{[%clk 00:17:22]} {[%emt 00:02:30]} 19. Rfe1 {[%clk 00:26:53]} {[%emt
00:02:52]} Nxc4 {[%clk 00:17:10]} {[%emt 00:00:43]} 20. Rxc4 {[%clk 00:26:52]}
{[%emt 00:00:32]} e5 {[%clk 00:16:01]} {[%emt 00:01:39]} 21. Nf3 {[%clk
00:26:20]} {[%emt 00:01:01]} Be6 {[%clk 00:12:05]} {[%emt 00:04:26]} 22. Rc7
{[%clk 00:24:18]} {[%emt 00:02:31]} b5 {[%clk 00:09:59]} {[%emt 00:02:37]} 23.
a3 {[%clk 00:22:54]} {[%emt 00:01:54]} e4 {[%clk 00:08:17]} {[%emt 00:02:12]}
24. Nd4 {[%clk 00:22:26]} {[%emt 00:00:58]} Bc4 {[%clk 00:06:05]} {[%emt
00:02:42]} 25. h3 {[%clk 00:21:32]} {[%emt 00:01:21]} Rdc8 {[%clk 00:05:17]}
{[%emt 00:01:21]} 26. Rxc8 {[%clk 00:18:53]} {[%emt 00:03:09]} Rxc8 {[%clk
00:05:43]} {[%emt 00:00:03]} 27. Rc1 {[%clk 00:19:03]} {[%emt 00:00:21]} Kf6
{[%clk 00:04:32]} {[%emt 00:01:41]} 28. Rc3 {[%clk 00:17:18]} {[%emt 00:02:14]}
Be6 {[%emt 00:02:59]} 29. Rxc8 {[%clk 00:15:47]} {[%emt 00:00:02]} Bxc8 {[%clk
00:04:28]} {[%emt 00:00:05]} 30. Kf1 {[%clk 00:15:46]} {[%emt 00:00:32]} Ke5
{[%clk 00:04:09]} {[%emt 00:00:47]} 31. Ke2 {[%clk 00:14:08]} {[%emt 00:02:09]}
Kd5 {[%clk 00:03:01]} {[%emt 00:01:37]} 32. Kd2 {[%clk 00:12:46]} {[%emt
00:01:53]} Kc4 {[%clk 00:02:02]} {[%emt 00:01:27]} 33. b3+ {[%clk 00:10:22]}
{[%emt 00:02:55]} Kd5 {[%clk 00:01:09]} {[%emt 00:01:23]} 34. Kc3 {[%clk
00:10:01]} {[%emt 00:00:51]} Kc5 {[%clk 00:01:01]} {[%emt 00:00:39]} 35. b4+
{[%clk 00:08:37]} {[%emt 00:01:54]} Kd5 {[%clk 00:01:22]} {[%emt 00:00:10]} 36.
Ne2 {[%clk 00:08:56]} {[%emt 00:00:10]} g5 {[%clk 00:01:26]} {[%emt 00:00:27]}
37. Ng1 {[%clk 00:04:19]} {[%emt 00:05:07]} h5 {[%clk 00:01:00]} {[%emt
00:00:55]} 38. Ne2 {[%clk 00:02:30]} {[%emt 00:02:19]} h4 {[%clk 00:01:06]}
{[%emt 00:00:24]} 39. Nc1 {[%clk 00:01:57]} {[%emt 00:01:02]} f5 {[%clk
00:00:58]} {[%emt 00:00:38]} 40. g3 {[%clk 00:00:48]} {[%emt 00:01:39]} Bd7
{[%clk 00:00:42]} {[%emt 00:00:45]} 41. gxh4 {[%clk 00:29:10]} {[%emt
00:02:10]} gxh4 {[%clk 00:28:07]} {[%emt 00:03:05]} 42. Ne2 {[%clk 00:28:17]}
{[%emt 00:01:22]} f4 {[%clk 00:24:38]} {[%emt 00:04:00]} 43. Nxf4+ {[%clk
00:27:24]} {[%emt 00:01:23]} Ke5 {[%clk 00:24:57]} {[%emt 00:00:10]} 44. Kd2
{[%clk 00:25:11]} {[%emt 00:02:41]} Kd6 {[%clk 00:11:00]} {[%emt 00:14:28]} 45.
Kc2 {[%clk 00:22:33]} {[%emt 00:03:04]} Bc8 {[%clk 00:09:37]} {[%emt 00:01:57]}
46. Kc3 {[%clk 00:22:12]} {[%emt 00:00:51]} Ke5 {[%clk 00:09:21]} {[%emt
00:00:46]} 47. Ng6+ {[%clk 00:18:32]} {[%emt 00:04:08]} Kf6 {[%clk 00:06:45]}
{[%emt 00:03:04]} 48. Nf4 {[%clk 00:18:17]} {[%emt 00:00:48]} Ke5 {[%clk
00:06:37]} {[%emt 00:00:36]} 49. Kd2 {[%clk 00:15:54]} {[%emt 00:02:56]} Bd7
{[%clk 00:04:20]} {[%emt 00:02:45]} 50. Ke2 {[%clk 00:16:02]} {[%emt 00:00:24]}
Bc8 {[%clk 00:02:20]} {[%emt 00:02:30]} 1/2-1/2